Szczegóły MARC21

Zeszyty Naukowe Uniwersytetu Jagiellońskiego. Prace Językoznawcze.

001 -Numer kontrolny rekordu [,]
    • @
    • pole kontrolne
    • cc95204289
005 -Data i czas ostatniej zmiany [,]
    • @
    • Data ostatniej zmiany
    • 20260413132519.0
022 -Międzynarodowy Znormalizowany Numer Wydawnictwa Ciągłego - ISSN [ , ]
    • a
    • International Standard Serial Number
    • 0083-4378
035 -Inne numery kontrolne [ , ]
    • a
    • Numer kontrolny
    • (OCoLC)830278671
040 -Instytucja sporządzająca opis [ , ]
    • a
    • Instytucja, która sporządziła opis (NP)
    • KR U/MBK
    • c
    • Instytucja, która sporządziła rekord (NP)
    • KR U/MBK
    • d
    • Instytucja, która zmodyfikowała rekord (P)
    • KR U/MBKs
    • d
    • Instytucja, która zmodyfikowała rekord (P)
    • KR U/MBK
    • d
    • Instytucja, która zmodyfikowała rekord (P)
    • LUBL KUL/AF
041 -Język dokumentu [0, ]
    • a
    • Język tekstu (P)
    • polski
    • b
    • Język streszczeń(P)
    • angielski
942 -Rodzaj dokumentu [ , ]
    • c
    • Rodzaj dokumentu
    • Wydaw. ciągłe w tym czasopisma
998 -Inne dane NUKAT [ , ]
    • a
    • Numer systemowy
    • vtls000024730
210 -Skrót tytułu [1, ]
    • a
    • Skrót tytułu
    • Zesz. Nauk. Uniw. Jagiell., Pr. Językozn.
222 -Tytuł kluczowy [ ,0]
    • a
    • Tytuł kluczowy
    • Zeszyty Naukowe Uniwersytetu Jagiellońskiego. Prace Językoznawcze
245 -Strefa tytułu i oznaczenia odpowiedzialności [0,0]
    • a
    • Tytuł
    • Zeszyty Naukowe Uniwersytetu Jagiellońskiego.
    • p
    • Nazwa części (P)
    • Prace Językoznawcze.
246 -Wariant tytułu [1,3]
    • a
    • Tytuł (NP)
    • Universitas Jagellonica Acta Scientiarum Litterarumque.
    • p
    • Nazwa części (P)
    • Schedae Grammaticae
246 -Wariant tytułu [3,0]
    • a
    • Tytuł (NP)
    • Prace Językoznawcze
260 -Strefa adresu wydawniczego [ , ]
    • a
    • Miejsce wydania (P)
    • Kraków :
    • b
    • Nazwa wydawcy (P)
    • Państ. Wydaw. Nauk. ;
    • b
    • Nazwa wydawcy (P)
    • nakł. UJ,
    • c
    • Data wydania (P)
    • 1960-2005.
300 -Strefa opisu fizycznego [ , ]
    • c
    • Format (NP)
    • 24 cm.
310 -Częstotliwość [ , ]
    • a
    • Częstotliwość
    • Niereg.
336 -Typ zawartości [ , ]
    • a
    • Termin opisujący typ zawartości
    • Tekst
    • b
    • Typ/rodzaj nośnika
    • txt
    • 2
    • Źródło (termin i kod)
    • rdacontent
337 -Typ mediów [ , ]
    • a
    • Tryb odtwarzania
    • Bez urządzenia pośredniczącego
    • b
    • Kod typu mediów
    • n
    • 2
    • Źródło (termin i kod)
    • rdamedia
338 -Typ/rodzaj nośnika [ , ]
    • a
    • Hasło opisujące typ nośnika
    • Wolumin
    • b
    • Kod typu nośnika
    • nc
    • 2
    • Źródło (termin i kod)
    • rdacarrier
362 -Strefa numeracji [0, ]
    • a
    • Strefa numeracji
    • Z. 3-122.
500 -Uwaga ogólna [ , ]
    • a
    • Uwaga ogólna (NP)
    • Z.3=nr 24 og.zb. -z.122=nr 1273 og.zb.
500 -Uwaga ogólna [ , ]
    • a
    • Uwaga ogólna (NP)
    • Poprzednie zeszyty zostały wydane w ramach serii: "Zeszyty Naukowe Uniwersytetu Jagiellońskiego. Seria Nauk Społecznych. Filologia" - nie zostały oznaczone numerem.
650 -Hasło przedmiotowe - nazwa pospolita [ ,7]
    • a
    • Hasło przedmiotowe
    • Językoznawstwo
650 -Hasło przedmiotowe - nazwa pospolita [ ,7]
    • a
    • Hasło przedmiotowe
    • Językoznawstwo
655 -INDEX TERM--GENRE/FORM [ ,7]
    • a
    • Genre/form data or focus term
    • Czasopismo filologiczne
655 -INDEX TERM--GENRE/FORM [ ,7]
    • a
    • Genre/form data or focus term
    • Czasopismo naukowe
655 -INDEX TERM--GENRE/FORM [ ,7]
    • a
    • Genre/form data or focus term
    • Czasopismo polskie
710 -Hasło dodatkowe - nazwa ciała zbiorowego [2, ]
    • a
    • Nazwa ciała zbiorowego lub nazwa geograficzna jako pierwszy element (NP)
    • Uniwersytet Jagielloński.
760 -Tytuł serii głównej [0, ]
    • g
    • Części powiązane
    • 1955-
    • x
    • Międzynarodowy standardowy numer seryjny
    • 0860-0139
    • w
    • Numer kontrolny rekordu
    • (NUKAT)cc96204206
780 -Tytuł poprzedni wydawnictwa [0,1]
    • t
    • Title
    • Zeszyty Naukowe Uniwersytetu Jagiellońskiego. Seria Nauk Społecznych. Filologia
    • x
    • International Standard Serial Number
    • 0450-9013
    • w
    • Record control number
    • (NUKAT)cc95204288
785 -Tytuł następny wydawnictwa [0,0]
    • t
    • Title
    • Studia Linguistica Universitatis Iagellonicae Cracoviensis
    • g
    • Relationship information
    • 123 (2006)-
    • x
    • International Standard Serial Number
    • 1897-1059
    • w
    • Record control number
    • (NUKAT)zz2007964573
952 -Egzemplarz [ , ]
    • c
    • Sygnatura
    • Cg.123 (p.202)
    • d
    • Lokalizacja
    • BG Dział Udostępniania Biblioteka Główna
    • i
    • Nr tomu wydaw.cg
    • Z.45 (1975)
    • y
    • Status udostępniania
    • Tylko na miejscu
    • h
    • Uwagi
    • Rek.137912
952 -Egzemplarz [ , ]
    • c
    • Sygnatura
    • Cg.123 (p.202)
    • d
    • Lokalizacja
    • BG Dział Udostępniania Biblioteka Główna
    • i
    • Nr tomu wydaw.cg
    • Z.59 (1978)
    • y
    • Status udostępniania
    • Tylko na miejscu
952 -Egzemplarz [ , ]
    • c
    • Sygnatura
    • Cg.123 (p.202)
    • d
    • Lokalizacja
    • BG Dział Udostępniania Biblioteka Główna
    • i
    • Nr tomu wydaw.cg
    • Z.103 (1990)
    • y
    • Status udostępniania
    • Tylko na miejscu
    • h
    • Uwagi
    • Rek.223949
952 -Egzemplarz [ , ]
    • c
    • Sygnatura
    • Cg.123 (p.202)
    • d
    • Lokalizacja
    • BG Dział Udostępniania Biblioteka Główna
    • i
    • Nr tomu wydaw.cg
    • Z.104 (1990)
    • y
    • Status udostępniania
    • Tylko na miejscu
    • h
    • Uwagi
    • Rek.137914
952 -Egzemplarz [ , ]
    • c
    • Sygnatura
    • Cg.123 (p.202)
    • d
    • Lokalizacja
    • BG Dział Udostępniania Biblioteka Główna
    • i
    • Nr tomu wydaw.cg
    • Z.114 (1993)
    • y
    • Status udostępniania
    • Tylko na miejscu
    • h
    • Uwagi
    • Rek.137911
952 -Egzemplarz [ , ]
    • c
    • Sygnatura
    • Cg.123 (p.202)
    • d
    • Lokalizacja
    • BG Dział Udostępniania Biblioteka Główna
    • i
    • Nr tomu wydaw.cg
    • Z.116 (1993)
    • y
    • Status udostępniania
    • Tylko na miejscu
952 -Egzemplarz [ , ]
    • c
    • Sygnatura
    • Cg.123 (p.202)
    • d
    • Lokalizacja
    • BG Dział Udostępniania Biblioteka Główna
    • i
    • Nr tomu wydaw.cg
    • Z.117 (1995)
    • y
    • Status udostępniania
    • Tylko na miejscu
952 -Egzemplarz [ , ]
    • c
    • Sygnatura
    • Cg.123 (p.202)
    • d
    • Lokalizacja
    • BG Dział Udostępniania Biblioteka Główna
    • i
    • Nr tomu wydaw.cg
    • Z.118 (1997)
    • y
    • Status udostępniania
    • Tylko na miejscu
952 -Egzemplarz [ , ]
    • c
    • Sygnatura
    • Cg.123 (p.202)
    • d
    • Lokalizacja
    • BG Dział Udostępniania Biblioteka Główna
    • i
    • Nr tomu wydaw.cg
    • Z.119 (1999)
    • y
    • Status udostępniania
    • Tylko na miejscu
952 -Egzemplarz [ , ]
    • c
    • Sygnatura
    • Cg.123 (p.202)
    • d
    • Lokalizacja
    • BG Dział Udostępniania Biblioteka Główna
    • i
    • Nr tomu wydaw.cg
    • Z.120 (2000)
    • y
    • Status udostępniania
    • Tylko na miejscu
952 -Egzemplarz [ , ]
    • c
    • Sygnatura
    • Cg.123 (p.202)
    • d
    • Lokalizacja
    • BG Dział Udostępniania Biblioteka Główna
    • i
    • Nr tomu wydaw.cg
    • Z.121 (2003)
    • y
    • Status udostępniania
    • Tylko na miejscu
952 -Egzemplarz [ , ]
    • c
    • Sygnatura
    • Cg.123 (p.202)
    • d
    • Lokalizacja
    • BG Dział Udostępniania Biblioteka Główna
    • i
    • Nr tomu wydaw.cg
    • Z.122 (2005)
    • y
    • Status udostępniania
    • Tylko na miejscu
952 -Egzemplarz [ , ]
    • c
    • Sygnatura
    • Pc.40
    • d
    • Lokalizacja
    • BM Biblioteka Międzywydziałowa
    • i
    • Nr tomu wydaw.cg
    • Z. 59 (1978)
    • y
    • Status udostępniania
    • Tylko na miejscu
952 -Egzemplarz [ , ]
    • c
    • Sygnatura
    • Pc.40
    • d
    • Lokalizacja
    • BM Biblioteka Międzywydziałowa
    • i
    • Nr tomu wydaw.cg
    • Z. 72 (1982)
    • y
    • Status udostępniania
    • Tylko na miejscu
952 -Egzemplarz [ , ]
    • c
    • Sygnatura
    • Pc.40
    • d
    • Lokalizacja
    • BM Biblioteka Międzywydziałowa
    • i
    • Nr tomu wydaw.cg
    • Z. 114 (1993)
    • y
    • Status udostępniania
    • Tylko na miejscu
    • h
    • Uwagi
    • Rek.137911
952 -Egzemplarz [ , ]
    • c
    • Sygnatura
    • Pc.40
    • d
    • Lokalizacja
    • BM Biblioteka Międzywydziałowa
    • i
    • Nr tomu wydaw.cg
    • Z. 117 (1995)
    • y
    • Status udostępniania
    • Tylko na miejscu
952 -Egzemplarz [ , ]
    • c
    • Sygnatura
    • Pc.40
    • d
    • Lokalizacja
    • BM Biblioteka Międzywydziałowa
    • i
    • Nr tomu wydaw.cg
    • Z. 118 (1997)
    • y
    • Status udostępniania
    • Tylko na miejscu
952 -Egzemplarz [ , ]
    • c
    • Sygnatura
    • SAc.2580
    • d
    • Lokalizacja
    • BSA Biblioteka Wydziału Prawa i Administracji im. prof. Stanisława Czepity
    • i
    • Nr tomu wydaw.cg
    • Z.57 (1978)
    • y
    • Status udostępniania
    • Tylko na miejscu
    • h
    • Uwagi
    • Rek.159037
952 -Egzemplarz [ , ]
    • c
    • Sygnatura
    • Pc.40
    • d
    • Lokalizacja
    • BM Biblioteka Międzywydziałowa
    • i
    • Nr tomu wydaw.cg
    • Z. 3 (1960)
    • y
    • Status udostępniania
    • Tylko na miejscu
952 -Egzemplarz [ , ]
    • c
    • Sygnatura
    • Pc.40
    • d
    • Lokalizacja
    • BM Biblioteka Międzywydziałowa
    • i
    • Nr tomu wydaw.cg
    • Z. 4 (1961)
    • y
    • Status udostępniania
    • Tylko na miejscu
952 -Egzemplarz [ , ]
    • c
    • Sygnatura
    • Pc.40
    • d
    • Lokalizacja
    • BM Biblioteka Międzywydziałowa
    • i
    • Nr tomu wydaw.cg
    • Z. 6 (1964)
    • y
    • Status udostępniania
    • Tylko na miejscu
    • h
    • Uwagi
    • Rek.159139
952 -Egzemplarz [ , ]
    • c
    • Sygnatura
    • Pc.40
    • d
    • Lokalizacja
    • BM Biblioteka Międzywydziałowa
    • i
    • Nr tomu wydaw.cg
    • Z. 9 (1964)
    • y
    • Status udostępniania
    • Tylko na miejscu
    • h
    • Uwagi
    • Rek.237325
952 -Egzemplarz [ , ]
    • c
    • Sygnatura
    • Pc.40
    • d
    • Lokalizacja
    • BM Biblioteka Międzywydziałowa
    • i
    • Nr tomu wydaw.cg
    • Z. 13 (1965)
    • y
    • Status udostępniania
    • Tylko na miejscu
    • h
    • Uwagi
    • Rek.159277
952 -Egzemplarz [ , ]
    • c
    • Sygnatura
    • Pc.40
    • d
    • Lokalizacja
    • BM Biblioteka Międzywydziałowa
    • i
    • Nr tomu wydaw.cg
    • Z. 16 (1965)
    • y
    • Status udostępniania
    • Tylko na miejscu
952 -Egzemplarz [ , ]
    • c
    • Sygnatura
    • Pc.40
    • d
    • Lokalizacja
    • BM Biblioteka Międzywydziałowa
    • i
    • Nr tomu wydaw.cg
    • Z. 17 (1966)
    • y
    • Status udostępniania
    • Tylko na miejscu
    • h
    • Uwagi
    • Rek.231390
952 -Egzemplarz [ , ]
    • c
    • Sygnatura
    • Pc.40
    • d
    • Lokalizacja
    • BM Biblioteka Międzywydziałowa
    • i
    • Nr tomu wydaw.cg
    • Z. 20 (1967)
    • y
    • Status udostępniania
    • Tylko na miejscu
    • h
    • Uwagi
    • Rek.256151
952 -Egzemplarz [ , ]
    • c
    • Sygnatura
    • Pc.40
    • d
    • Lokalizacja
    • BM Biblioteka Międzywydziałowa
    • i
    • Nr tomu wydaw.cg
    • Z. 21 (1968)
    • y
    • Status udostępniania
    • Tylko na miejscu
952 -Egzemplarz [ , ]
    • c
    • Sygnatura
    • Pc.40
    • d
    • Lokalizacja
    • BM Biblioteka Międzywydziałowa
    • i
    • Nr tomu wydaw.cg
    • Z. 22 (1969)
    • y
    • Status udostępniania
    • Tylko na miejscu
    • h
    • Uwagi
    • Rek.159278
952 -Egzemplarz [ , ]
    • c
    • Sygnatura
    • Pc.40
    • d
    • Lokalizacja
    • BM Biblioteka Międzywydziałowa
    • i
    • Nr tomu wydaw.cg
    • Z. 25 (1969)
    • y
    • Status udostępniania
    • Tylko na miejscu
952 -Egzemplarz [ , ]
    • c
    • Sygnatura
    • Pc.40
    • d
    • Lokalizacja
    • BM Biblioteka Międzywydziałowa
    • i
    • Nr tomu wydaw.cg
    • Z. 29 (1970)
    • y
    • Status udostępniania
    • Tylko na miejscu
952 -Egzemplarz [ , ]
    • c
    • Sygnatura
    • Pc.40
    • d
    • Lokalizacja
    • BM Biblioteka Międzywydziałowa
    • i
    • Nr tomu wydaw.cg
    • Z. 30 (1970)
    • y
    • Status udostępniania
    • Tylko na miejscu
    • h
    • Uwagi
    • Rek.223904
952 -Egzemplarz [ , ]
    • c
    • Sygnatura
    • Pc.40
    • d
    • Lokalizacja
    • BM Biblioteka Międzywydziałowa
    • i
    • Nr tomu wydaw.cg
    • Z. 52 (1977)
    • y
    • Status udostępniania
    • Tylko na miejscu
952 -Egzemplarz [ , ]
    • c
    • Sygnatura
    • Pc.40
    • d
    • Lokalizacja
    • BM Biblioteka Międzywydziałowa
    • i
    • Nr tomu wydaw.cg
    • Z. 53 (1977)
    • y
    • Status udostępniania
    • Tylko na miejscu
952 -Egzemplarz [ , ]
    • c
    • Sygnatura
    • Pc.40
    • d
    • Lokalizacja
    • BM Biblioteka Międzywydziałowa
    • i
    • Nr tomu wydaw.cg
    • Z. 56 (1977)
    • y
    • Status udostępniania
    • Tylko na miejscu
952 -Egzemplarz [ , ]
    • c
    • Sygnatura
    • Pc.40
    • d
    • Lokalizacja
    • BM Biblioteka Międzywydziałowa
    • i
    • Nr tomu wydaw.cg
    • Z. 57 (1978)
    • y
    • Status udostępniania
    • Tylko na miejscu
    • h
    • Uwagi
    • Rek.159037
952 -Egzemplarz [ , ]
    • c
    • Sygnatura
    • Pc.40
    • d
    • Lokalizacja
    • BM Biblioteka Międzywydziałowa
    • i
    • Nr tomu wydaw.cg
    • Z. 58 (1978)
    • y
    • Status udostępniania
    • Tylko na miejscu
952 -Egzemplarz [ , ]
    • c
    • Sygnatura
    • Pc.40
    • d
    • Lokalizacja
    • BM Biblioteka Międzywydziałowa
    • i
    • Nr tomu wydaw.cg
    • Z. 60 (1979)
    • y
    • Status udostępniania
    • Tylko na miejscu
    • h
    • Uwagi
    • Rek.160066
952 -Egzemplarz [ , ]
    • c
    • Sygnatura
    • Pc.40
    • d
    • Lokalizacja
    • BM Biblioteka Międzywydziałowa
    • i
    • Nr tomu wydaw.cg
    • Z. 61 (1979)
    • y
    • Status udostępniania
    • Tylko na miejscu
952 -Egzemplarz [ , ]
    • c
    • Sygnatura
    • Pc.40
    • d
    • Lokalizacja
    • BM Biblioteka Międzywydziałowa
    • i
    • Nr tomu wydaw.cg
    • Z. 62 (1979)
    • y
    • Status udostępniania
    • Tylko na miejscu
    • h
    • Uwagi
    • Rek.154467
952 -Egzemplarz [ , ]
    • c
    • Sygnatura
    • Pc.40
    • d
    • Lokalizacja
    • BM Biblioteka Międzywydziałowa
    • i
    • Nr tomu wydaw.cg
    • Z. 63 (1979)
    • y
    • Status udostępniania
    • Tylko na miejscu
952 -Egzemplarz [ , ]
    • c
    • Sygnatura
    • Pc.40
    • d
    • Lokalizacja
    • BM Biblioteka Międzywydziałowa
    • i
    • Nr tomu wydaw.cg
    • Z. 64 (1981)
    • y
    • Status udostępniania
    • Tylko na miejscu
    • h
    • Uwagi
    • Rek.223924
952 -Egzemplarz [ , ]
    • c
    • Sygnatura
    • Pc.40
    • d
    • Lokalizacja
    • BM Biblioteka Międzywydziałowa
    • i
    • Nr tomu wydaw.cg
    • Z. 65 (1979)
    • y
    • Status udostępniania
    • Tylko na miejscu
    • h
    • Uwagi
    • Rek.154466
952 -Egzemplarz [ , ]
    • c
    • Sygnatura
    • Pc.40
    • d
    • Lokalizacja
    • BM Biblioteka Międzywydziałowa
    • i
    • Nr tomu wydaw.cg
    • Z. 69 (1982) vol. 2
    • y
    • Status udostępniania
    • Tylko na miejscu
952 -Egzemplarz [ , ]
    • c
    • Sygnatura
    • Pc.40
    • d
    • Lokalizacja
    • BM Biblioteka Międzywydziałowa
    • i
    • Nr tomu wydaw.cg
    • Z. 73 (1983)
    • y
    • Status udostępniania
    • Tylko na miejscu
952 -Egzemplarz [ , ]
    • c
    • Sygnatura
    • Pc.40
    • d
    • Lokalizacja
    • BM Biblioteka Międzywydziałowa
    • i
    • Nr tomu wydaw.cg
    • Z. 74 (1983)
    • y
    • Status udostępniania
    • Tylko na miejscu
952 -Egzemplarz [ , ]
    • c
    • Sygnatura
    • Pc.40
    • d
    • Lokalizacja
    • BM Biblioteka Międzywydziałowa
    • i
    • Nr tomu wydaw.cg
    • Z. 81 (1985)
    • y
    • Status udostępniania
    • Tylko na miejscu
    • h
    • Uwagi
    • Rek.223933
952 -Egzemplarz [ , ]
    • c
    • Sygnatura
    • Pc.40
    • d
    • Lokalizacja
    • BM Biblioteka Międzywydziałowa
    • i
    • Nr tomu wydaw.cg
    • Z. 81 (1985)
    • y
    • Status udostępniania
    • Tylko na miejscu
    • h
    • Uwagi
    • Rek.223933
952 -Egzemplarz [ , ]
    • c
    • Sygnatura
    • Pc.40
    • d
    • Lokalizacja
    • BM Biblioteka Międzywydziałowa
    • i
    • Nr tomu wydaw.cg
    • Z. 82 (1986)
    • y
    • Status udostępniania
    • Tylko na miejscu
952 -Egzemplarz [ , ]
    • c
    • Sygnatura
    • Pc.40
    • d
    • Lokalizacja
    • BM Biblioteka Międzywydziałowa
    • i
    • Nr tomu wydaw.cg
    • Z. 83 (1985)
    • y
    • Status udostępniania
    • Tylko na miejscu
    • h
    • Uwagi
    • Rek.154527
952 -Egzemplarz [ , ]
    • c
    • Sygnatura
    • Pc.40
    • d
    • Lokalizacja
    • BM Biblioteka Międzywydziałowa
    • i
    • Nr tomu wydaw.cg
    • Z. 84 (1986)
    • y
    • Status udostępniania
    • Tylko na miejscu
    • h
    • Uwagi
    • Rek.223935
952 -Egzemplarz [ , ]
    • c
    • Sygnatura
    • Pc.40
    • d
    • Lokalizacja
    • BM Biblioteka Międzywydziałowa
    • i
    • Nr tomu wydaw.cg
    • Z. 85 (1987)
    • y
    • Status udostępniania
    • Tylko na miejscu
    • h
    • Uwagi
    • Rek.154526
952 -Egzemplarz [ , ]
    • c
    • Sygnatura
    • Pc.40
    • d
    • Lokalizacja
    • BM Biblioteka Międzywydziałowa
    • i
    • Nr tomu wydaw.cg
    • Z. 86 (1987)
    • y
    • Status udostępniania
    • Tylko na miejscu
    • h
    • Uwagi
    • Rek.223938
952 -Egzemplarz [ , ]
    • c
    • Sygnatura
    • Pc.40
    • d
    • Lokalizacja
    • BM Biblioteka Międzywydziałowa
    • i
    • Nr tomu wydaw.cg
    • Z. 87 (1988)
    • y
    • Status udostępniania
    • Tylko na miejscu
952 -Egzemplarz [ , ]
    • c
    • Sygnatura
    • Pc.40
    • d
    • Lokalizacja
    • BM Biblioteka Międzywydziałowa
    • i
    • Nr tomu wydaw.cg
    • Z. 88 (1989) cz. 1
    • y
    • Status udostępniania
    • Tylko na miejscu
    • h
    • Uwagi
    • Rek.154528
952 -Egzemplarz [ , ]
    • c
    • Sygnatura
    • Pc.40
    • d
    • Lokalizacja
    • BM Biblioteka Międzywydziałowa
    • i
    • Nr tomu wydaw.cg
    • Z. 89 (1987)
    • y
    • Status udostępniania
    • Tylko na miejscu
    • h
    • Uwagi
    • Rek.223940
952 -Egzemplarz [ , ]
    • c
    • Sygnatura
    • Pc.40
    • d
    • Lokalizacja
    • BM Biblioteka Międzywydziałowa
    • i
    • Nr tomu wydaw.cg
    • Z. 91 (1988)
    • y
    • Status udostępniania
    • Tylko na miejscu
    • h
    • Uwagi
    • Rek.154529
952 -Egzemplarz [ , ]
    • c
    • Sygnatura
    • Pc.40
    • d
    • Lokalizacja
    • BM Biblioteka Międzywydziałowa
    • i
    • Nr tomu wydaw.cg
    • Z. 93 (1990)
    • y
    • Status udostępniania
    • Tylko na miejscu
    • h
    • Uwagi
    • Rek.223942
952 -Egzemplarz [ , ]
    • c
    • Sygnatura
    • Pc.40
    • d
    • Lokalizacja
    • BM Biblioteka Międzywydziałowa
    • i
    • Nr tomu wydaw.cg
    • Z. 95 (1991)
    • y
    • Status udostępniania
    • Tylko na miejscu
    • h
    • Uwagi
    • Rek.223943
952 -Egzemplarz [ , ]
    • c
    • Sygnatura
    • Pc.40
    • d
    • Lokalizacja
    • BM Biblioteka Międzywydziałowa
    • i
    • Nr tomu wydaw.cg
    • Z. 97 (1989)
    • y
    • Status udostępniania
    • Tylko na miejscu
952 -Egzemplarz [ , ]
    • c
    • Sygnatura
    • Pc.40
    • d
    • Lokalizacja
    • BM Biblioteka Międzywydziałowa
    • i
    • Nr tomu wydaw.cg
    • Z. 98 (1990)
    • y
    • Status udostępniania
    • Tylko na miejscu
    • h
    • Uwagi
    • Rek.223945
952 -Egzemplarz [ , ]
    • c
    • Sygnatura
    • Pc.40
    • d
    • Lokalizacja
    • BM Biblioteka Międzywydziałowa
    • i
    • Nr tomu wydaw.cg
    • Z. 100 (1989)
    • y
    • Status udostępniania
    • Tylko na miejscu
    • h
    • Uwagi
    • Rek.125098
952 -Egzemplarz [ , ]
    • c
    • Sygnatura
    • Pc.40
    • d
    • Lokalizacja
    • BM Biblioteka Międzywydziałowa
    • i
    • Nr tomu wydaw.cg
    • Z. 105 (1991)
    • y
    • Status udostępniania
    • Tylko na miejscu
    • h
    • Uwagi
    • Rek.223971
952 -Egzemplarz [ , ]
    • c
    • Sygnatura
    • Pc.40
    • d
    • Lokalizacja
    • BM Biblioteka Międzywydziałowa
    • i
    • Nr tomu wydaw.cg
    • Z. 106 (1991)
    • y
    • Status udostępniania
    • Tylko na miejscu
    • h
    • Uwagi
    • Rek.223973
952 -Egzemplarz [ , ]
    • c
    • Sygnatura
    • Pc.40
    • d
    • Lokalizacja
    • BM Biblioteka Międzywydziałowa
    • i
    • Nr tomu wydaw.cg
    • Z. 108 (1991)
    • y
    • Status udostępniania
    • Tylko na miejscu
    • h
    • Uwagi
    • Rek.180439
952 -Egzemplarz [ , ]
    • c
    • Sygnatura
    • Pc.40
    • d
    • Lokalizacja
    • BM Biblioteka Międzywydziałowa
    • i
    • Nr tomu wydaw.cg
    • Z. 109 (1992)
    • y
    • Status udostępniania
    • Tylko na miejscu
    • h
    • Uwagi
    • Rek.223975
952 -Egzemplarz [ , ]
    • c
    • Sygnatura
    • Pc.40
    • d
    • Lokalizacja
    • BM Biblioteka Międzywydziałowa
    • i
    • Nr tomu wydaw.cg
    • Z. 111 (1992)
    • y
    • Status udostępniania
    • Tylko na miejscu
    • h
    • Uwagi
    • Rek.223977
952 -Egzemplarz [ , ]
    • c
    • Sygnatura
    • Pc.40
    • d
    • Lokalizacja
    • BM Biblioteka Międzywydziałowa
    • i
    • Nr tomu wydaw.cg
    • Z. 112 (1992)
    • y
    • Status udostępniania
    • Tylko na miejscu
    • h
    • Uwagi
    • Rek.223979
952 -Egzemplarz [ , ]
    • c
    • Sygnatura
    • Pc.40
    • d
    • Lokalizacja
    • BM Biblioteka Międzywydziałowa
    • i
    • Nr tomu wydaw.cg
    • Z. 113 (1993)
    • y
    • Status udostępniania
    • Tylko na miejscu
952 -Egzemplarz [ , ]
    • c
    • Sygnatura
    • Pc.40
    • d
    • Lokalizacja
    • BM Biblioteka Międzywydziałowa
    • i
    • Nr tomu wydaw.cg
    • Z. 115 (1993)
    • y
    • Status udostępniania
    • Tylko na miejscu
    • h
    • Uwagi
    • Rek.223983
952 -Egzemplarz [ , ]
    • c
    • Sygnatura
    • Pc.40
    • d
    • Lokalizacja
    • BM Biblioteka Międzywydziałowa
    • i
    • Nr tomu wydaw.cg
    • Z. 116 (1993)
    • y
    • Status udostępniania
    • Tylko na miejscu
952 -Egzemplarz [ , ]
    • c
    • Sygnatura
    • Ec.1425 (ul. Cukrowa 8)
    • d
    • Lokalizacja
    • BE Biblioteka Ekonomiczna
    • i
    • Nr tomu wydaw.cg
    • Z. 6 (1960)
    • y
    • Status udostępniania
    • Tylko na miejscu
    • h
    • Uwagi
    • Rek.159139
952 -Egzemplarz [ , ]
    • c
    • Sygnatura
    • Ec.1425 (ul. Cukrowa 8)
    • d
    • Lokalizacja
    • BE Biblioteka Ekonomiczna
    • i
    • Nr tomu wydaw.cg
    • Z. 8 (1961)
    • y
    • Status udostępniania
    • Tylko na miejscu
952 -Egzemplarz [ , ]
    • c
    • Sygnatura
    • Ec.1425 (ul. Cukrowa 8)
    • d
    • Lokalizacja
    • BE Biblioteka Ekonomiczna
    • i
    • Nr tomu wydaw.cg
    • Z. 15 (1966)
    • y
    • Status udostępniania
    • Tylko na miejscu
952 -Egzemplarz [ , ]
    • c
    • Sygnatura
    • Ec.1425 (ul. Cukrowa 8)
    • d
    • Lokalizacja
    • BE Biblioteka Ekonomiczna
    • i
    • Nr tomu wydaw.cg
    • Z. 5 (1963)
    • y
    • Status udostępniania
    • Tylko na miejscu
952 -Egzemplarz [ , ]
    • c
    • Sygnatura
    • Pc.40
    • d
    • Lokalizacja
    • BM Biblioteka Międzywydziałowa
    • i
    • Nr tomu wydaw.cg
    • Z. 44 (1975)
    • y
    • Status udostępniania
    • Tylko na miejscu
    • h
    • Uwagi
    • Rek.159369
952 -Egzemplarz [ , ]
    • c
    • Sygnatura
    • Pc.40
    • d
    • Lokalizacja
    • BM Biblioteka Międzywydziałowa
    • i
    • Nr tomu wydaw.cg
    • Z. 45 (1975)
    • y
    • Status udostępniania
    • Tylko na miejscu
    • h
    • Uwagi
    • Rek.137912
952 -Egzemplarz [ , ]
    • c
    • Sygnatura
    • Pc.40
    • d
    • Lokalizacja
    • BM Biblioteka Międzywydziałowa
    • i
    • Nr tomu wydaw.cg
    • Z. 54 (1977)
    • y
    • Status udostępniania
    • Tylko na miejscu
    • h
    • Uwagi
    • Rek.160064
952 -Egzemplarz [ , ]
    • c
    • Sygnatura
    • Pc.40
    • d
    • Lokalizacja
    • BM Biblioteka Międzywydziałowa
    • i
    • Nr tomu wydaw.cg
    • Z. 32 (1971)
    • y
    • Status udostępniania
    • Tylko na miejscu
952 -Egzemplarz [ , ]
    • c
    • Sygnatura
    • Pc.40
    • d
    • Lokalizacja
    • BM Biblioteka Międzywydziałowa
    • i
    • Nr tomu wydaw.cg
    • Z. 39 (1972)
    • y
    • Status udostępniania
    • Tylko na miejscu
    • h
    • Uwagi
    • Rek.159329
952 -Egzemplarz [ , ]
    • c
    • Sygnatura
    • Cg.123 (p.202)
    • d
    • Lokalizacja
    • BG Dział Udostępniania Biblioteka Główna
    • i
    • Nr tomu wydaw.cg
    • Z.3 (1960)
    • y
    • Status udostępniania
    • Tylko na miejscu
952 -Egzemplarz [ , ]
    • c
    • Sygnatura
    • Cg.123 (p.202)
    • d
    • Lokalizacja
    • BG Dział Udostępniania Biblioteka Główna
    • i
    • Nr tomu wydaw.cg
    • Z.4 (1961)
    • y
    • Status udostępniania
    • Tylko na miejscu
952 -Egzemplarz [ , ]
    • c
    • Sygnatura
    • Cg.123 (p.202)
    • d
    • Lokalizacja
    • BG Dział Udostępniania Biblioteka Główna
    • i
    • Nr tomu wydaw.cg
    • Z.5 (1963)
    • y
    • Status udostępniania
    • Tylko na miejscu
952 -Egzemplarz [ , ]
    • c
    • Sygnatura
    • Cg.123 (p.202)
    • d
    • Lokalizacja
    • BG Dział Udostępniania Biblioteka Główna
    • i
    • Nr tomu wydaw.cg
    • Z.6 (1964)
    • y
    • Status udostępniania
    • Tylko na miejscu
    • h
    • Uwagi
    • Rek.159139
952 -Egzemplarz [ , ]
    • c
    • Sygnatura
    • Cg.123 (p.202)
    • d
    • Lokalizacja
    • BG Dział Udostępniania Biblioteka Główna
    • i
    • Nr tomu wydaw.cg
    • Z.7 (1964)
    • y
    • Status udostępniania
    • Tylko na miejscu
    • h
    • Uwagi
    • Rek.223862
952 -Egzemplarz [ , ]
    • c
    • Sygnatura
    • Cg.123 (p.202)
    • d
    • Lokalizacja
    • BG Dział Udostępniania Biblioteka Główna
    • i
    • Nr tomu wydaw.cg
    • Z.10 (1965)
    • y
    • Status udostępniania
    • Tylko na miejscu
    • h
    • Uwagi
    • Rek.159328
952 -Egzemplarz [ , ]
    • c
    • Sygnatura
    • Cg.123 (p.202)
    • d
    • Lokalizacja
    • BG Dział Udostępniania Biblioteka Główna
    • i
    • Nr tomu wydaw.cg
    • Z.12 (1966)
    • y
    • Status udostępniania
    • Tylko na miejscu
    • h
    • Uwagi
    • Rek.159275
952 -Egzemplarz [ , ]
    • c
    • Sygnatura
    • Cg.123 (p.202)
    • d
    • Lokalizacja
    • BG Dział Udostępniania Biblioteka Główna
    • i
    • Nr tomu wydaw.cg
    • Z.13 (1965)
    • y
    • Status udostępniania
    • Tylko na miejscu
    • h
    • Uwagi
    • Rek.159277
952 -Egzemplarz [ , ]
    • c
    • Sygnatura
    • Cg.123 (p.202)
    • d
    • Lokalizacja
    • BG Dział Udostępniania Biblioteka Główna
    • i
    • Nr tomu wydaw.cg
    • Z.14 (1965)
    • y
    • Status udostępniania
    • Tylko na miejscu
    • h
    • Uwagi
    • Rek.223864
952 -Egzemplarz [ , ]
    • c
    • Sygnatura
    • Cg.123 (p.202)
    • d
    • Lokalizacja
    • BG Dział Udostępniania Biblioteka Główna
    • i
    • Nr tomu wydaw.cg
    • Z.15 (1965)
    • y
    • Status udostępniania
    • Tylko na miejscu
952 -Egzemplarz [ , ]
    • c
    • Sygnatura
    • Cg.123 (p.202)
    • d
    • Lokalizacja
    • BG Dział Udostępniania Biblioteka Główna
    • i
    • Nr tomu wydaw.cg
    • Z.16 (1965)
    • y
    • Status udostępniania
    • Tylko na miejscu
    • h
    • Uwagi
    • Rek.161479
952 -Egzemplarz [ , ]
    • c
    • Sygnatura
    • Cg.123 (p.202)
    • d
    • Lokalizacja
    • BG Dział Udostępniania Biblioteka Główna
    • i
    • Nr tomu wydaw.cg
    • Z.18 (1967)
    • y
    • Status udostępniania
    • Tylko na miejscu
    • h
    • Uwagi
    • Rek.223866
952 -Egzemplarz [ , ]
    • c
    • Sygnatura
    • Cg.123 (p.202)
    • d
    • Lokalizacja
    • BG Dział Udostępniania Biblioteka Główna
    • i
    • Nr tomu wydaw.cg
    • Z.22 (1969)
    • y
    • Status udostępniania
    • Tylko na miejscu
    • h
    • Uwagi
    • Rek.159278
952 -Egzemplarz [ , ]
    • c
    • Sygnatura
    • Cg.123 (p.202)
    • d
    • Lokalizacja
    • BG Dział Udostępniania Biblioteka Główna
    • i
    • Nr tomu wydaw.cg
    • Z.23 (1968)
    • y
    • Status udostępniania
    • Tylko na miejscu
    • h
    • Uwagi
    • Rek.223868
952 -Egzemplarz [ , ]
    • c
    • Sygnatura
    • Cg.123 (p.202)
    • d
    • Lokalizacja
    • BG Dział Udostępniania Biblioteka Główna
    • i
    • Nr tomu wydaw.cg
    • Z.24 (1969)
    • y
    • Status udostępniania
    • Tylko na miejscu
    • h
    • Uwagi
    • Rek.223895
952 -Egzemplarz [ , ]
    • c
    • Sygnatura
    • Cg.123 (p.202)
    • d
    • Lokalizacja
    • BG Dział Udostępniania Biblioteka Główna
    • i
    • Nr tomu wydaw.cg
    • Z.25 (1969)
    • y
    • Status udostępniania
    • Tylko na miejscu
    • h
    • Uwagi
    • Rek.223896
952 -Egzemplarz [ , ]
    • c
    • Sygnatura
    • Cg.123 (p.202)
    • d
    • Lokalizacja
    • BG Dział Udostępniania Biblioteka Główna
    • i
    • Nr tomu wydaw.cg
    • Z.26 (1970)
    • y
    • Status udostępniania
    • Tylko na miejscu
    • h
    • Uwagi
    • Rek.223898
952 -Egzemplarz [ , ]
    • c
    • Sygnatura
    • Cg.123 (p.202)
    • d
    • Lokalizacja
    • BG Dział Udostępniania Biblioteka Główna
    • i
    • Nr tomu wydaw.cg
    • Z.27 (1970)
    • y
    • Status udostępniania
    • Tylko na miejscu
    • h
    • Uwagi
    • Rek.223901
952 -Egzemplarz [ , ]
    • c
    • Sygnatura
    • Cg.123 (p.202)
    • d
    • Lokalizacja
    • BG Dział Udostępniania Biblioteka Główna
    • i
    • Nr tomu wydaw.cg
    • Z.28 (1971)
    • y
    • Status udostępniania
    • Tylko na miejscu
    • h
    • Uwagi
    • Rek.223902
952 -Egzemplarz [ , ]
    • c
    • Sygnatura
    • Cg.123 (p.202)
    • d
    • Lokalizacja
    • BG Dział Udostępniania Biblioteka Główna
    • i
    • Nr tomu wydaw.cg
    • Z.29 (1970)
    • y
    • Status udostępniania
    • Tylko na miejscu
952 -Egzemplarz [ , ]
    • c
    • Sygnatura
    • Cg.123 (p.202)
    • d
    • Lokalizacja
    • BG Dział Udostępniania Biblioteka Główna
    • i
    • Nr tomu wydaw.cg
    • Z.30 (1970)
    • y
    • Status udostępniania
    • Tylko na miejscu
    • h
    • Uwagi
    • Rek.223904
952 -Egzemplarz [ , ]
    • c
    • Sygnatura
    • Cg.123 (p.202)
    • d
    • Lokalizacja
    • BG Dział Udostępniania Biblioteka Główna
    • i
    • Nr tomu wydaw.cg
    • Z.32 (1971)
    • y
    • Status udostępniania
    • Tylko na miejscu
    • h
    • Uwagi
    • Rek.159280
952 -Egzemplarz [ , ]
    • c
    • Sygnatura
    • Cg.123 (p.202)
    • d
    • Lokalizacja
    • BG Dział Udostępniania Biblioteka Główna
    • i
    • Nr tomu wydaw.cg
    • Z.33 (1971)
    • y
    • Status udostępniania
    • Tylko na miejscu
    • h
    • Uwagi
    • Rek.223906
952 -Egzemplarz [ , ]
    • c
    • Sygnatura
    • Cg.123 (p.202)
    • d
    • Lokalizacja
    • BG Dział Udostępniania Biblioteka Główna
    • i
    • Nr tomu wydaw.cg
    • Z.34 (1971)
    • y
    • Status udostępniania
    • Tylko na miejscu
    • h
    • Uwagi
    • Rek.159140
952 -Egzemplarz [ , ]
    • c
    • Sygnatura
    • Cg.123 (p.202)
    • d
    • Lokalizacja
    • BG Dział Udostępniania Biblioteka Główna
    • i
    • Nr tomu wydaw.cg
    • Z.35 (1971)
    • y
    • Status udostępniania
    • Tylko na miejscu
952 -Egzemplarz [ , ]
    • c
    • Sygnatura
    • Cg.123 (p.202)
    • d
    • Lokalizacja
    • BG Dział Udostępniania Biblioteka Główna
    • i
    • Nr tomu wydaw.cg
    • Z.36 (1972)
    • y
    • Status udostępniania
    • Tylko na miejscu
    • h
    • Uwagi
    • Rek.159276
952 -Egzemplarz [ , ]
    • c
    • Sygnatura
    • Cg.123 (p.202)
    • d
    • Lokalizacja
    • BG Dział Udostępniania Biblioteka Główna
    • i
    • Nr tomu wydaw.cg
    • Z.37 (1972)
    • y
    • Status udostępniania
    • Tylko na miejscu
    • h
    • Uwagi
    • Rek.159323
952 -Egzemplarz [ , ]
    • c
    • Sygnatura
    • Cg.123 (p.202)
    • d
    • Lokalizacja
    • BG Dział Udostępniania Biblioteka Główna
    • i
    • Nr tomu wydaw.cg
    • Z.38 (1972)
    • y
    • Status udostępniania
    • Tylko na miejscu
    • h
    • Uwagi
    • Rek.223907
952 -Egzemplarz [ , ]
    • c
    • Sygnatura
    • Cg.123 (p.202)
    • d
    • Lokalizacja
    • BG Dział Udostępniania Biblioteka Główna
    • i
    • Nr tomu wydaw.cg
    • Z.39 (1972)
    • y
    • Status udostępniania
    • Tylko na miejscu
    • h
    • Uwagi
    • Rek.159329
952 -Egzemplarz [ , ]
    • c
    • Sygnatura
    • Cg.123 (p.202)
    • d
    • Lokalizacja
    • BG Dział Udostępniania Biblioteka Główna
    • i
    • Nr tomu wydaw.cg
    • Z.40 (1973)
    • y
    • Status udostępniania
    • Tylko na miejscu
    • h
    • Uwagi
    • Rek.223909
952 -Egzemplarz [ , ]
    • c
    • Sygnatura
    • Cg.123 (p.202)
    • d
    • Lokalizacja
    • BG Dział Udostępniania Biblioteka Główna
    • i
    • Nr tomu wydaw.cg
    • Z.41 (1974)
    • y
    • Status udostępniania
    • Tylko na miejscu
952 -Egzemplarz [ , ]
    • c
    • Sygnatura
    • Cg.123 (p.202)
    • d
    • Lokalizacja
    • BG Dział Udostępniania Biblioteka Główna
    • i
    • Nr tomu wydaw.cg
    • Z.42 (1974)
    • y
    • Status udostępniania
    • Tylko na miejscu
952 -Egzemplarz [ , ]
    • c
    • Sygnatura
    • Cg.123 (p.202)
    • d
    • Lokalizacja
    • BG Dział Udostępniania Biblioteka Główna
    • i
    • Nr tomu wydaw.cg
    • Z.43 (1974)
    • y
    • Status udostępniania
    • Tylko na miejscu
    • h
    • Uwagi
    • Rek.159368
952 -Egzemplarz [ , ]
    • c
    • Sygnatura
    • Cg.123 (p.202)
    • d
    • Lokalizacja
    • BG Dział Udostępniania Biblioteka Główna
    • i
    • Nr tomu wydaw.cg
    • Z.44 (1975)
    • y
    • Status udostępniania
    • Tylko na miejscu
    • h
    • Uwagi
    • Rek.159369
952 -Egzemplarz [ , ]
    • c
    • Sygnatura
    • Cg.123 (p.202)
    • d
    • Lokalizacja
    • BG Dział Udostępniania Biblioteka Główna
    • i
    • Nr tomu wydaw.cg
    • Z.46 (1975)
    • y
    • Status udostępniania
    • Tylko na miejscu
    • h
    • Uwagi
    • Rek.159279
952 -Egzemplarz [ , ]
    • c
    • Sygnatura
    • Cg.123 (p.202)
    • d
    • Lokalizacja
    • BG Dział Udostępniania Biblioteka Główna
    • i
    • Nr tomu wydaw.cg
    • Z.47 (1975)
    • y
    • Status udostępniania
    • Tylko na miejscu
952 -Egzemplarz [ , ]
    • c
    • Sygnatura
    • Cg.123 (p.202)
    • d
    • Lokalizacja
    • BG Dział Udostępniania Biblioteka Główna
    • i
    • Nr tomu wydaw.cg
    • Z.48 (1975)
    • y
    • Status udostępniania
    • Tylko na miejscu
    • h
    • Uwagi
    • Rek.223911
952 -Egzemplarz [ , ]
    • c
    • Sygnatura
    • Cg.123 (p.202)
    • d
    • Lokalizacja
    • BG Dział Udostępniania Biblioteka Główna
    • i
    • Nr tomu wydaw.cg
    • Z.51 (1977)
    • y
    • Status udostępniania
    • Tylko na miejscu
    • h
    • Uwagi
    • Rek.223913
952 -Egzemplarz [ , ]
    • c
    • Sygnatura
    • Cg.123 (p.202)
    • d
    • Lokalizacja
    • BG Dział Udostępniania Biblioteka Główna
    • i
    • Nr tomu wydaw.cg
    • Z.52 (1977)
    • y
    • Status udostępniania
    • Tylko na miejscu
952 -Egzemplarz [ , ]
    • c
    • Sygnatura
    • Cg.123 (p.202)
    • d
    • Lokalizacja
    • BG Dział Udostępniania Biblioteka Główna
    • i
    • Nr tomu wydaw.cg
    • Z.53 (1977)
    • y
    • Status udostępniania
    • Tylko na miejscu
    • h
    • Uwagi
    • Rek.223914
952 -Egzemplarz [ , ]
    • c
    • Sygnatura
    • Cg.123 (p.202)
    • d
    • Lokalizacja
    • BG Dział Udostępniania Biblioteka Główna
    • i
    • Nr tomu wydaw.cg
    • Z.54 (1977)
    • y
    • Status udostępniania
    • Tylko na miejscu
    • h
    • Uwagi
    • Rek.160064
952 -Egzemplarz [ , ]
    • c
    • Sygnatura
    • Cg.123 (p.202)
    • d
    • Lokalizacja
    • BG Dział Udostępniania Biblioteka Główna
    • i
    • Nr tomu wydaw.cg
    • Z.55 (1977)
    • y
    • Status udostępniania
    • Tylko na miejscu
    • h
    • Uwagi
    • Rek.160065
952 -Egzemplarz [ , ]
    • c
    • Sygnatura
    • Cg.123 (p.202)
    • d
    • Lokalizacja
    • BG Dział Udostępniania Biblioteka Główna
    • i
    • Nr tomu wydaw.cg
    • Z.56 (1977)
    • y
    • Status udostępniania
    • Tylko na miejscu
952 -Egzemplarz [ , ]
    • c
    • Sygnatura
    • Cg.123 (p.202)
    • d
    • Lokalizacja
    • BG Dział Udostępniania Biblioteka Główna
    • i
    • Nr tomu wydaw.cg
    • Z.57 (1977)
    • y
    • Status udostępniania
    • Tylko na miejscu
    • h
    • Uwagi
    • Rek.159037
952 -Egzemplarz [ , ]
    • c
    • Sygnatura
    • Cg.123 (p.202)
    • d
    • Lokalizacja
    • BG Dział Udostępniania Biblioteka Główna
    • i
    • Nr tomu wydaw.cg
    • Z.58 (1978)
    • y
    • Status udostępniania
    • Tylko na miejscu
    • h
    • Uwagi
    • Rek.223917
952 -Egzemplarz [ , ]
    • c
    • Sygnatura
    • Cg.123 (p.202)
    • d
    • Lokalizacja
    • BG Dział Udostępniania Biblioteka Główna
    • i
    • Nr tomu wydaw.cg
    • Z.60 (1979)
    • y
    • Status udostępniania
    • Tylko na miejscu
    • h
    • Uwagi
    • Rek.160066
952 -Egzemplarz [ , ]
    • c
    • Sygnatura
    • Cg.123 (p.202)
    • d
    • Lokalizacja
    • BG Dział Udostępniania Biblioteka Główna
    • i
    • Nr tomu wydaw.cg
    • Z.61 (1979)
    • y
    • Status udostępniania
    • Tylko na miejscu
952 -Egzemplarz [ , ]
    • c
    • Sygnatura
    • Cg.123 (p.202)
    • d
    • Lokalizacja
    • BG Dział Udostępniania Biblioteka Główna
    • i
    • Nr tomu wydaw.cg
    • Z.62 (1979)
    • y
    • Status udostępniania
    • Tylko na miejscu
    • h
    • Uwagi
    • Rek.154467
952 -Egzemplarz [ , ]
    • c
    • Sygnatura
    • Cg.123 (p.202)
    • d
    • Lokalizacja
    • BG Dział Udostępniania Biblioteka Główna
    • i
    • Nr tomu wydaw.cg
    • Z.63 (1979)
    • y
    • Status udostępniania
    • Tylko na miejscu
952 -Egzemplarz [ , ]
    • c
    • Sygnatura
    • Cg.123 (p.202)
    • d
    • Lokalizacja
    • BG Dział Udostępniania Biblioteka Główna
    • i
    • Nr tomu wydaw.cg
    • Z.64 (1981)
    • y
    • Status udostępniania
    • Tylko na miejscu
    • h
    • Uwagi
    • Rek.223924
952 -Egzemplarz [ , ]
    • c
    • Sygnatura
    • Cg.123 (p.202)
    • d
    • Lokalizacja
    • BG Dział Udostępniania Biblioteka Główna
    • i
    • Nr tomu wydaw.cg
    • Z.69 (1978)
    • y
    • Status udostępniania
    • Tylko na miejscu
    • h
    • Uwagi
    • Rek.161267
952 -Egzemplarz [ , ]
    • c
    • Sygnatura
    • Cg.123 (p.202)
    • d
    • Lokalizacja
    • BG Dział Udostępniania Biblioteka Główna
    • i
    • Nr tomu wydaw.cg
    • Z.81 (1985)
    • y
    • Status udostępniania
    • Tylko na miejscu
    • h
    • Uwagi
    • Rek.223933
952 -Egzemplarz [ , ]
    • c
    • Sygnatura
    • Cg.123 (p.202)
    • d
    • Lokalizacja
    • BG Dział Udostępniania Biblioteka Główna
    • i
    • Nr tomu wydaw.cg
    • Z.82 (1986)
    • y
    • Status udostępniania
    • Tylko na miejscu
952 -Egzemplarz [ , ]
    • c
    • Sygnatura
    • Cg.123 (p.202)
    • d
    • Lokalizacja
    • BG Dział Udostępniania Biblioteka Główna
    • i
    • Nr tomu wydaw.cg
    • Z.83 (1985)
    • y
    • Status udostępniania
    • Tylko na miejscu
    • h
    • Uwagi
    • Rek.154527
952 -Egzemplarz [ , ]
    • c
    • Sygnatura
    • Cg.123 (p.202)
    • d
    • Lokalizacja
    • BG Dział Udostępniania Biblioteka Główna
    • i
    • Nr tomu wydaw.cg
    • Z.84 (1985)
    • y
    • Status udostępniania
    • Tylko na miejscu
    • h
    • Uwagi
    • Rek.223935
952 -Egzemplarz [ , ]
    • c
    • Sygnatura
    • Cg.123 (p.202)
    • d
    • Lokalizacja
    • BG Dział Udostępniania Biblioteka Główna
    • i
    • Nr tomu wydaw.cg
    • Z.85 (1985)
    • y
    • Status udostępniania
    • Tylko na miejscu
    • h
    • Uwagi
    • Rek.154526
952 -Egzemplarz [ , ]
    • c
    • Sygnatura
    • Cg.123 (p.202)
    • d
    • Lokalizacja
    • BG Dział Udostępniania Biblioteka Główna
    • i
    • Nr tomu wydaw.cg
    • Z.89 (1987)
    • y
    • Status udostępniania
    • Tylko na miejscu
    • h
    • Uwagi
    • Rek.223940
952 -Egzemplarz [ , ]
    • c
    • Sygnatura
    • Cg.123 (p.202)
    • d
    • Lokalizacja
    • BG Dział Udostępniania Biblioteka Główna
    • i
    • Nr tomu wydaw.cg
    • Z.86 (1987)
    • y
    • Status udostępniania
    • Tylko na miejscu
    • h
    • Uwagi
    • Rek.223938
952 -Egzemplarz [ , ]
    • c
    • Sygnatura
    • Cg.123 (p.202)
    • d
    • Lokalizacja
    • BG Dział Udostępniania Biblioteka Główna
    • i
    • Nr tomu wydaw.cg
    • Z.73 (1983)
    • y
    • Status udostępniania
    • Tylko na miejscu
952 -Egzemplarz [ , ]
    • c
    • Sygnatura
    • Cg.123 (p.202)
    • d
    • Lokalizacja
    • BG Dział Udostępniania Biblioteka Główna
    • i
    • Nr tomu wydaw.cg
    • Z.74 (1983)
    • y
    • Status udostępniania
    • Tylko na miejscu
952 -Egzemplarz [ , ]
    • c
    • Sygnatura
    • Cg.123 (p.202)
    • d
    • Lokalizacja
    • BG Dział Udostępniania Biblioteka Główna
    • i
    • Nr tomu wydaw.cg
    • Z.87 (1988)
    • y
    • Status udostępniania
    • Tylko na miejscu
952 -Egzemplarz [ , ]
    • c
    • Sygnatura
    • Cg.123 (p.202)
    • d
    • Lokalizacja
    • BG Dział Udostępniania Biblioteka Główna
    • i
    • Nr tomu wydaw.cg
    • Z.88 (1989)
    • y
    • Status udostępniania
    • Tylko na miejscu
    • h
    • Uwagi
    • Rek.154528
952 -Egzemplarz [ , ]
    • c
    • Sygnatura
    • Cg.123 (p.202)
    • d
    • Lokalizacja
    • BG Dział Udostępniania Biblioteka Główna
    • i
    • Nr tomu wydaw.cg
    • Z.90 (1988)
    • y
    • Status udostępniania
    • Tylko na miejscu
    • h
    • Uwagi
    • Rek.155523
952 -Egzemplarz [ , ]
    • c
    • Sygnatura
    • Cg.123 (p.202)
    • d
    • Lokalizacja
    • BG Dział Udostępniania Biblioteka Główna
    • i
    • Nr tomu wydaw.cg
    • Z.91 (1988)
    • y
    • Status udostępniania
    • Tylko na miejscu
    • h
    • Uwagi
    • Rek.154529
952 -Egzemplarz [ , ]
    • c
    • Sygnatura
    • Cg.123 (p.202)
    • d
    • Lokalizacja
    • BG Dział Udostępniania Biblioteka Główna
    • i
    • Nr tomu wydaw.cg
    • Z.92 (1988)
    • y
    • Status udostępniania
    • Tylko na miejscu
    • h
    • Uwagi
    • Rek.223941
952 -Egzemplarz [ , ]
    • c
    • Sygnatura
    • Cg.123 (p.202)
    • d
    • Lokalizacja
    • BG Dział Udostępniania Biblioteka Główna
    • i
    • Nr tomu wydaw.cg
    • Z.93 (1988)
    • y
    • Status udostępniania
    • Tylko na miejscu
    • h
    • Uwagi
    • Rek.223942
952 -Egzemplarz [ , ]
    • c
    • Sygnatura
    • Cg.123 (p.202)
    • d
    • Lokalizacja
    • BG Dział Udostępniania Biblioteka Główna
    • i
    • Nr tomu wydaw.cg
    • Z.94 (1989)
    • y
    • Status udostępniania
    • Tylko na miejscu
952 -Egzemplarz [ , ]
    • c
    • Sygnatura
    • Cg.123 (p.202)
    • d
    • Lokalizacja
    • BG Dział Udostępniania Biblioteka Główna
    • i
    • Nr tomu wydaw.cg
    • Z.95 (1991)
    • y
    • Status udostępniania
    • Tylko na miejscu
    • h
    • Uwagi
    • Rek.223943
952 -Egzemplarz [ , ]
    • c
    • Sygnatura
    • Cg.123 (p.202)
    • d
    • Lokalizacja
    • BG Dział Udostępniania Biblioteka Główna
    • i
    • Nr tomu wydaw.cg
    • Z.96 (1988)
    • y
    • Status udostępniania
    • Tylko na miejscu
    • h
    • Uwagi
    • Rek.223944
952 -Egzemplarz [ , ]
    • c
    • Sygnatura
    • Cg.123 (p.202)
    • d
    • Lokalizacja
    • BG Dział Udostępniania Biblioteka Główna
    • i
    • Nr tomu wydaw.cg
    • Z.97 (1988)
    • y
    • Status udostępniania
    • Tylko na miejscu
952 -Egzemplarz [ , ]
    • c
    • Sygnatura
    • Cg.123 (p.202)
    • d
    • Lokalizacja
    • BG Dział Udostępniania Biblioteka Główna
    • i
    • Nr tomu wydaw.cg
    • Z.98 (1990)
    • y
    • Status udostępniania
    • Tylko na miejscu
    • h
    • Uwagi
    • Rek.223945
952 -Egzemplarz [ , ]
    • c
    • Sygnatura
    • Cg.123 (p.202)
    • d
    • Lokalizacja
    • BG Dział Udostępniania Biblioteka Główna
    • i
    • Nr tomu wydaw.cg
    • Z.99 (1990)
    • y
    • Status udostępniania
    • Tylko na miejscu
    • h
    • Uwagi
    • Rek.223947
952 -Egzemplarz [ , ]
    • c
    • Sygnatura
    • Cg.123 (p.202)
    • d
    • Lokalizacja
    • BG Dział Udostępniania Biblioteka Główna
    • i
    • Nr tomu wydaw.cg
    • Z.100 (1989)
    • y
    • Status udostępniania
    • Tylko na miejscu
    • h
    • Uwagi
    • Rek.125098
952 -Egzemplarz [ , ]
    • c
    • Sygnatura
    • Cg.123 (p.202)
    • d
    • Lokalizacja
    • BG Dział Udostępniania Biblioteka Główna
    • i
    • Nr tomu wydaw.cg
    • Z.101 (1990)
    • y
    • Status udostępniania
    • Tylko na miejscu
952 -Egzemplarz [ , ]
    • c
    • Sygnatura
    • Cg.123 (p.202)
    • d
    • Lokalizacja
    • BG Dział Udostępniania Biblioteka Główna
    • i
    • Nr tomu wydaw.cg
    • Z.102 (1990)
    • y
    • Status udostępniania
    • Tylko na miejscu
    • h
    • Uwagi
    • Rek.223948
952 -Egzemplarz [ , ]
    • c
    • Sygnatura
    • Cg.123 (p.202)
    • d
    • Lokalizacja
    • BG Dział Udostępniania Biblioteka Główna
    • i
    • Nr tomu wydaw.cg
    • Z.105 (1991)
    • y
    • Status udostępniania
    • Tylko na miejscu
    • h
    • Uwagi
    • Rek.223971
952 -Egzemplarz [ , ]
    • c
    • Sygnatura
    • Cg.123 (p.202)
    • d
    • Lokalizacja
    • BG Dział Udostępniania Biblioteka Główna
    • i
    • Nr tomu wydaw.cg
    • Z.106 (1991)
    • y
    • Status udostępniania
    • Tylko na miejscu
    • h
    • Uwagi
    • Rek.223973
952 -Egzemplarz [ , ]
    • c
    • Sygnatura
    • Cg.123 (p.202)
    • d
    • Lokalizacja
    • BG Dział Udostępniania Biblioteka Główna
    • i
    • Nr tomu wydaw.cg
    • Z.108 (1991)
    • y
    • Status udostępniania
    • Tylko na miejscu
    • h
    • Uwagi
    • Rek.180439
952 -Egzemplarz [ , ]
    • c
    • Sygnatura
    • Cg.123 (p.202)
    • d
    • Lokalizacja
    • BG Dział Udostępniania Biblioteka Główna
    • i
    • Nr tomu wydaw.cg
    • Z.109 (1992)
    • y
    • Status udostępniania
    • Tylko na miejscu
    • h
    • Uwagi
    • Rek.223975
952 -Egzemplarz [ , ]
    • c
    • Sygnatura
    • Cg.123 (p.202)
    • d
    • Lokalizacja
    • BG Dział Udostępniania Biblioteka Główna
    • i
    • Nr tomu wydaw.cg
    • Z.110 (1992)
    • y
    • Status udostępniania
    • Tylko na miejscu
    • h
    • Uwagi
    • Rek.223976
952 -Egzemplarz [ , ]
    • c
    • Sygnatura
    • Cg.123 (p.202)
    • d
    • Lokalizacja
    • BG Dział Udostępniania Biblioteka Główna
    • i
    • Nr tomu wydaw.cg
    • Z.111 (1992)
    • y
    • Status udostępniania
    • Tylko na miejscu
    • h
    • Uwagi
    • Rek.223977
952 -Egzemplarz [ , ]
    • c
    • Sygnatura
    • Cg.123 (p.202)
    • d
    • Lokalizacja
    • BG Dział Udostępniania Biblioteka Główna
    • i
    • Nr tomu wydaw.cg
    • Z.112 (1992)
    • y
    • Status udostępniania
    • Tylko na miejscu
    • h
    • Uwagi
    • Rek.223979
952 -Egzemplarz [ , ]
    • c
    • Sygnatura
    • Cg.123 (p.202)
    • d
    • Lokalizacja
    • BG Dział Udostępniania Biblioteka Główna
    • i
    • Nr tomu wydaw.cg
    • Z.113 (1993)
    • y
    • Status udostępniania
    • Tylko na miejscu
952 -Egzemplarz [ , ]
    • c
    • Sygnatura
    • Cg.123 (p.202)
    • d
    • Lokalizacja
    • BG Dział Udostępniania Biblioteka Główna
    • i
    • Nr tomu wydaw.cg
    • Z.114 (1998) suplement
    • y
    • Status udostępniania
    • Tylko na miejscu
    • h
    • Uwagi
    • Rek.224003
952 -Egzemplarz [ , ]
    • c
    • Sygnatura
    • Cg.123 (p.202)
    • d
    • Lokalizacja
    • BG Dział Udostępniania Biblioteka Główna
    • i
    • Nr tomu wydaw.cg
    • Z.115 (1993)
    • y
    • Status udostępniania
    • Tylko na miejscu
    • h
    • Uwagi
    • Rek.223983
952 -Egzemplarz [ , ]
    • c
    • Sygnatura
    • Cg.123 (p.202)
    • d
    • Lokalizacja
    • BG Dział Udostępniania Biblioteka Główna
    • i
    • Nr tomu wydaw.cg
    • Z.65 (1979)
    • y
    • Status udostępniania
    • Tylko na miejscu
    • h
    • Uwagi
    • Rek.154466
952 -Egzemplarz [ , ]
    • c
    • Sygnatura
    • Pc.40
    • d
    • Lokalizacja
    • BM Biblioteka Międzywydziałowa
    • i
    • Nr tomu wydaw.cg
    • Z. 101 (1990)
    • y
    • Status udostępniania
    • Tylko na miejscu
952 -Egzemplarz [ , ]
    • c
    • Sygnatura
    • Pc.40
    • d
    • Lokalizacja
    • BM Biblioteka Międzywydziałowa
    • i
    • Nr tomu wydaw.cg
    • Z. 104 (1990)
    • y
    • Status udostępniania
    • Tylko na miejscu
952 -Egzemplarz [ , ]
    • c
    • Sygnatura
    • Pc.40
    • d
    • Lokalizacja
    • BM Biblioteka Międzywydziałowa
    • i
    • Nr tomu wydaw.cg
    • Z. 103 (1990)
    • y
    • Status udostępniania
    • Tylko na miejscu
    • h
    • Uwagi
    • Rek.223949
952 -Egzemplarz [ , ]
    • c
    • Sygnatura
    • Pc.40
    • d
    • Lokalizacja
    • BM Biblioteka Międzywydziałowa
    • i
    • Nr tomu wydaw.cg
    • Z. 92 (1988)
    • y
    • Status udostępniania
    • Tylko na miejscu
    • h
    • Uwagi
    • Rek.223941
952 -Egzemplarz [ , ]
    • c
    • Sygnatura
    • Pc.40
    • d
    • Lokalizacja
    • BM Biblioteka Międzywydziałowa
    • i
    • Nr tomu wydaw.cg
    • Z. 96 (1988)
    • y
    • Status udostępniania
    • Tylko na miejscu
    • h
    • Uwagi
    • Rek.223944
952 -Egzemplarz [ , ]
    • c
    • Sygnatura
    • Pc.40
    • d
    • Lokalizacja
    • BM Biblioteka Międzywydziałowa
    • i
    • Nr tomu wydaw.cg
    • Z. 7 (1964)
    • y
    • Status udostępniania
    • Tylko na miejscu
    • h
    • Uwagi
    • Rek.223862
952 -Egzemplarz [ , ]
    • c
    • Sygnatura
    • Pc.40
    • d
    • Lokalizacja
    • BM Biblioteka Międzywydziałowa
    • i
    • Nr tomu wydaw.cg
    • Z. 99 (1990)
    • y
    • Status udostępniania
    • Tylko na miejscu
    • h
    • Uwagi
    • Rek.223947
952 -Egzemplarz [ , ]
    • c
    • Sygnatura
    • W.
    • d
    • Lokalizacja
    • i
    • Nr tomu wydaw.cg
    • Z.2 (1965)
    • y
    • Status udostępniania
    • Tylko na miejscu
    • h
    • Uwagi
    • Rek.159139
952 -Egzemplarz [ , ]
    • c
    • Sygnatura
    • W.
    • d
    • Lokalizacja
    • i
    • Nr tomu wydaw.cg
    • Z.10 (1965)
    • y
    • Status udostępniania
    • Tylko na miejscu
    • h
    • Uwagi
    • Rek.159328
952 -Egzemplarz [ , ]
    • c
    • Sygnatura
    • W.
    • d
    • Lokalizacja
    • i
    • Nr tomu wydaw.cg
    • Z.12 (1966)
    • y
    • Status udostępniania
    • Tylko na miejscu
    • h
    • Uwagi
    • Rek.159275
952 -Egzemplarz [ , ]
    • c
    • Sygnatura
    • W.
    • d
    • Lokalizacja
    • i
    • Nr tomu wydaw.cg
    • Z.13 (1965)
    • y
    • Status udostępniania
    • Tylko na miejscu
    • h
    • Uwagi
    • Rek.159277
952 -Egzemplarz [ , ]
    • c
    • Sygnatura
    • W.
    • d
    • Lokalizacja
    • i
    • Nr tomu wydaw.cg
    • Z.16 (1965)
    • y
    • Status udostępniania
    • Tylko na miejscu
    • h
    • Uwagi
    • Rek.161479
952 -Egzemplarz [ , ]
    • c
    • Sygnatura
    • W.
    • d
    • Lokalizacja
    • i
    • Nr tomu wydaw.cg
    • Z.22 (1969)
    • y
    • Status udostępniania
    • Tylko na miejscu
    • h
    • Uwagi
    • Rek.159278
952 -Egzemplarz [ , ]
    • c
    • Sygnatura
    • W.
    • d
    • Lokalizacja
    • i
    • Nr tomu wydaw.cg
    • Z.32 (1971)
    • y
    • Status udostępniania
    • Tylko na miejscu
    • h
    • Uwagi
    • Rek.159280
952 -Egzemplarz [ , ]
    • c
    • Sygnatura
    • W.
    • d
    • Lokalizacja
    • i
    • Nr tomu wydaw.cg
    • Z.33 (1971)
    • y
    • Status udostępniania
    • Tylko na miejscu
    • h
    • Uwagi
    • Rek.223906
952 -Egzemplarz [ , ]
    • c
    • Sygnatura
    • W.
    • d
    • Lokalizacja
    • i
    • Nr tomu wydaw.cg
    • Z.34 (1971)
    • y
    • Status udostępniania
    • Tylko na miejscu
    • h
    • Uwagi
    • Rek.159140
952 -Egzemplarz [ , ]
    • c
    • Sygnatura
    • W.
    • d
    • Lokalizacja
    • i
    • Nr tomu wydaw.cg
    • Z.36 (1972)
    • y
    • Status udostępniania
    • Tylko na miejscu
    • h
    • Uwagi
    • Rek.159276
952 -Egzemplarz [ , ]
    • c
    • Sygnatura
    • W.
    • d
    • Lokalizacja
    • i
    • Nr tomu wydaw.cg
    • Z.37 (1972)
    • y
    • Status udostępniania
    • Tylko na miejscu
    • h
    • Uwagi
    • Rek.159323
952 -Egzemplarz [ , ]
    • c
    • Sygnatura
    • W.
    • d
    • Lokalizacja
    • i
    • Nr tomu wydaw.cg
    • Z.38 (1972)
    • y
    • Status udostępniania
    • Tylko na miejscu
    • h
    • Uwagi
    • Rek.223907
952 -Egzemplarz [ , ]
    • c
    • Sygnatura
    • W.
    • d
    • Lokalizacja
    • i
    • Nr tomu wydaw.cg
    • Z.39 (1972)
    • y
    • Status udostępniania
    • Tylko na miejscu
    • h
    • Uwagi
    • Rek.159329
952 -Egzemplarz [ , ]
    • c
    • Sygnatura
    • W.
    • d
    • Lokalizacja
    • i
    • Nr tomu wydaw.cg
    • Z.43 (1974)
    • y
    • Status udostępniania
    • Tylko na miejscu
    • h
    • Uwagi
    • Rek.159368
952 -Egzemplarz [ , ]
    • c
    • Sygnatura
    • W.
    • d
    • Lokalizacja
    • i
    • Nr tomu wydaw.cg
    • Z.44 (1975)
    • y
    • Status udostępniania
    • Tylko na miejscu
    • h
    • Uwagi
    • Rek.159369
952 -Egzemplarz [ , ]
    • c
    • Sygnatura
    • W.
    • d
    • Lokalizacja
    • i
    • Nr tomu wydaw.cg
    • Z.46 (1975)
    • y
    • Status udostępniania
    • Tylko na miejscu
    • h
    • Uwagi
    • Rek.159279
952 -Egzemplarz [ , ]
    • c
    • Sygnatura
    • W.
    • d
    • Lokalizacja
    • i
    • Nr tomu wydaw.cg
    • Z.54 (1977)
    • y
    • Status udostępniania
    • Tylko na miejscu
    • h
    • Uwagi
    • Rek.160064
952 -Egzemplarz [ , ]
    • c
    • Sygnatura
    • W.
    • d
    • Lokalizacja
    • i
    • Nr tomu wydaw.cg
    • Z.55 (1977)
    • y
    • Status udostępniania
    • Tylko na miejscu
    • h
    • Uwagi
    • Rek.160065
952 -Egzemplarz [ , ]
    • c
    • Sygnatura
    • W.
    • d
    • Lokalizacja
    • i
    • Nr tomu wydaw.cg
    • Z.57 (1978)
    • y
    • Status udostępniania
    • Tylko na miejscu
    • h
    • Uwagi
    • Rek.159037
952 -Egzemplarz [ , ]
    • c
    • Sygnatura
    • W.
    • d
    • Lokalizacja
    • i
    • Nr tomu wydaw.cg
    • Z.60 (1979)
    • y
    • Status udostępniania
    • Tylko na miejscu
    • h
    • Uwagi
    • Rek.160066
952 -Egzemplarz [ , ]
    • c
    • Sygnatura
    • W.
    • d
    • Lokalizacja
    • i
    • Nr tomu wydaw.cg
    • Z.62 (1979)
    • y
    • Status udostępniania
    • Tylko na miejscu
    • h
    • Uwagi
    • Rek.154467
952 -Egzemplarz [ , ]
    • c
    • Sygnatura
    • W.
    • d
    • Lokalizacja
    • i
    • Nr tomu wydaw.cg
    • Z.65 (1979)
    • y
    • Status udostępniania
    • Tylko na miejscu
    • h
    • Uwagi
    • Rek.154466
952 -Egzemplarz [ , ]
    • c
    • Sygnatura
    • W.
    • d
    • Lokalizacja
    • i
    • Nr tomu wydaw.cg
    • Z.83 (1985)
    • y
    • Status udostępniania
    • Tylko na miejscu
    • h
    • Uwagi
    • Rek.154527
952 -Egzemplarz [ , ]
    • c
    • Sygnatura
    • W.
    • d
    • Lokalizacja
    • i
    • Nr tomu wydaw.cg
    • Z.85 (1987)
    • y
    • Status udostępniania
    • Tylko na miejscu
    • h
    • Uwagi
    • Rek.154526
952 -Egzemplarz [ , ]
    • c
    • Sygnatura
    • W.
    • d
    • Lokalizacja
    • i
    • Nr tomu wydaw.cg
    • Z.90 (1988)
    • y
    • Status udostępniania
    • Tylko na miejscu
    • h
    • Uwagi
    • Rek.155523
952 -Egzemplarz [ , ]
    • c
    • Sygnatura
    • W.
    • d
    • Lokalizacja
    • i
    • Nr tomu wydaw.cg
    • Z.91 (1988)
    • y
    • Status udostępniania
    • Tylko na miejscu
    • h
    • Uwagi
    • Rek.154529
952 -Egzemplarz [ , ]
    • c
    • Sygnatura
    • Ec.1425 (ul. Cukrowa 8)
    • d
    • Lokalizacja
    • BE Biblioteka Ekonomiczna
    • i
    • Nr tomu wydaw.cg
    • Z. 3 (1960)
    • y
    • Status udostępniania
    • Tylko na miejscu
952 -Egzemplarz [ , ]
    • c
    • Sygnatura
    • Ec.1425 (ul. Cukrowa 8)
    • d
    • Lokalizacja
    • BE Biblioteka Ekonomiczna
    • i
    • Nr tomu wydaw.cg
    • Z. 4 (1961)
    • y
    • Status udostępniania
    • Tylko na miejscu
952 -Egzemplarz [ , ]
    • c
    • Sygnatura
    • Pc.40
    • d
    • Lokalizacja
    • BM Biblioteka Międzywydziałowa
    • i
    • Nr tomu wydaw.cg
    • Z. 70 (1981)
    • y
    • Status udostępniania
    • Tylko na miejscu
952 -Egzemplarz [ , ]
    • c
    • Sygnatura
    • Pc.40
    • d
    • Lokalizacja
    • BM Biblioteka Międzywydziałowa
    • i
    • Nr tomu wydaw.cg
    • Z. 71 (1981)
    • y
    • Status udostępniania
    • Tylko na miejscu
952 -Egzemplarz [ , ]
    • c
    • Sygnatura
    • Pc.40
    • d
    • Lokalizacja
    • BM Biblioteka Międzywydziałowa
    • i
    • Nr tomu wydaw.cg
    • Z. 79 (1984)
    • y
    • Status udostępniania
    • Tylko na miejscu
952 -Egzemplarz [ , ]
    • c
    • Sygnatura
    • Pc.40
    • d
    • Lokalizacja
    • BM Biblioteka Międzywydziałowa
    • i
    • Nr tomu wydaw.cg
    • Z. 80 (1985)
    • y
    • Status udostępniania
    • Tylko na miejscu
952 -Egzemplarz [ , ]
    • c
    • Sygnatura
    • Pc.40
    • d
    • Lokalizacja
    • BM Biblioteka Międzywydziałowa
    • i
    • Nr tomu wydaw.cg
    • Z. 94 (1989)
    • y
    • Status udostępniania
    • Tylko na miejscu
952 -Egzemplarz [ , ]
    • c
    • Sygnatura
    • Pc.40
    • d
    • Lokalizacja
    • BM Biblioteka Międzywydziałowa
    • i
    • Nr tomu wydaw.cg
    • Z. 107 (1991)
    • y
    • Status udostępniania
    • Tylko na miejscu
952 -Egzemplarz [ , ]
    • c
    • Sygnatura
    • Pc.40
    • d
    • Lokalizacja
    • BM Biblioteka Międzywydziałowa
    • i
    • Nr tomu wydaw.cg
    • Z. 24 (1969)
    • y
    • Status udostępniania
    • Tylko na miejscu
952 -Egzemplarz [ , ]
    • c
    • Sygnatura
    • Pc.40
    • d
    • Lokalizacja
    • BM Biblioteka Międzywydziałowa
    • i
    • Nr tomu wydaw.cg
    • Z. 46 (1975)
    • y
    • Status udostępniania
    • Tylko na miejscu
952 -Egzemplarz [ , ]
    • c
    • Sygnatura
    • Pc.40
    • d
    • Lokalizacja
    • BM Biblioteka Międzywydziałowa
    • i
    • Nr tomu wydaw.cg
    • Z. 55 (1977)
    • y
    • Status udostępniania
    • Tylko na miejscu
952 -Egzemplarz [ , ]
    • c
    • Sygnatura
    • Pc.40
    • d
    • Lokalizacja
    • BM Biblioteka Międzywydziałowa
    • i
    • Nr tomu wydaw.cg
    • Z. 102 (1990)
    • y
    • Status udostępniania
    • Tylko na miejscu
952 -Egzemplarz [ , ]
    • c
    • Sygnatura
    • Pc.40
    • d
    • Lokalizacja
    • BM Biblioteka Międzywydziałowa
    • i
    • Nr tomu wydaw.cg
    • Z. 28 (1971)
    • y
    • Status udostępniania
    • Tylko na miejscu
952 -Egzemplarz [ , ]
    • a
    • Numer inwentarzowy
    • W.37212
    • d
    • Lokalizacja
    • BG Dział Udostępniania Biblioteka Główna
    • i
    • Nr tomu wydaw.cg
    • Z.36 (1971)
    • p
    • Kod kreskowy
    • 2000100372128
    • r
    • Cena
    • 0.00
    • v
    • Data wprowadzenia opisu
    • 2024-03-25
    • y
    • Status udostępniania
    • Tylko na miejscu
952 -Egzemplarz [ , ]
    • a
    • Numer inwentarzowy
    • Cg.1595
    • c
    • Sygnatura
    • Cg.123 (p.202)
    • d
    • Lokalizacja
    • BG Dział Udostępniania Biblioteka Główna
    • h
    • Uwagi
    • retrokonwersja
    • i
    • Nr tomu wydaw.cg
    • Z.36 (1971)
    • p
    • Kod kreskowy
    • 2003000015959
    • r
    • Cena
    • 0.00
    • y
    • Status udostępniania
    • Tylko na miejscu
952 -Egzemplarz [ , ]
    • a
    • Numer inwentarzowy
    • W.94880
    • d
    • Lokalizacja
    • BG Dział Udostępniania Biblioteka Główna
    • h
    • Uwagi
    • retrokonwersja
    • i
    • Nr tomu wydaw.cg
    • Z.36 (1971)
    • p
    • Kod kreskowy
    • 2000100948804
    • r
    • Cena
    • 0.00
    • y
    • Status udostępniania
    • miesięczne
952 -Egzemplarz [ , ]
    • c
    • Sygnatura
    • Pc.40
    • d
    • Lokalizacja
    • BM Biblioteka Międzywydziałowa
    • h
    • Uwagi
    • Rek.159276; Depozyt BM
    • i
    • Nr tomu wydaw.cg
    • Z. 36 (1972)
    • y
    • Status udostępniania
    • Tylko na miejscu
952 -Egzemplarz [ , ]
    • c
    • Sygnatura
    • Pc.40
    • d
    • Lokalizacja
    • BM Biblioteka Międzywydziałowa
    • h
    • Uwagi
    • Depozyt BM
    • i
    • Nr tomu wydaw.cg
    • Z. 31 (1970)
    • y
    • Status udostępniania
    • Tylko na miejscu
952 -Egzemplarz [ , ]
    • c
    • Sygnatura
    • Pc.40
    • d
    • Lokalizacja
    • BM Biblioteka Międzywydziałowa
    • h
    • Uwagi
    • Rek.223906; Depozyt BM
    • i
    • Nr tomu wydaw.cg
    • Z. 33 (1971)
    • y
    • Status udostępniania
    • Tylko na miejscu
952 -Egzemplarz [ , ]
    • c
    • Sygnatura
    • Pc.40
    • d
    • Lokalizacja
    • BM Biblioteka Międzywydziałowa
    • h
    • Uwagi
    • Depozyt BM
    • i
    • Nr tomu wydaw.cg
    • Z. 37 (1972)
    • y
    • Status udostępniania
    • Tylko na miejscu
952 -Egzemplarz [ , ]
    • c
    • Sygnatura
    • Pc.40
    • d
    • Lokalizacja
    • BM Biblioteka Międzywydziałowa
    • h
    • Uwagi
    • Depozyt BM
    • i
    • Nr tomu wydaw.cg
    • Z. 38 (1972)
    • y
    • Status udostępniania
    • Tylko na miejscu
952 -Egzemplarz [ , ]
    • c
    • Sygnatura
    • Pc.40
    • d
    • Lokalizacja
    • BM Biblioteka Międzywydziałowa
    • h
    • Uwagi
    • Depozyt BM
    • i
    • Nr tomu wydaw.cg
    • Z. 40 (1973)
    • y
    • Status udostępniania
    • Tylko na miejscu
952 -Egzemplarz [ , ]
    • a
    • Numer inwentarzowy
    • Pc.1131
    • c
    • Sygnatura
    • Pc.40
    • d
    • Lokalizacja
    • BM Biblioteka Międzywydziałowa
    • i
    • Nr tomu wydaw.cg
    • Z. 34 (1971)
    • p
    • Kod kreskowy
    • 2003900011310
    • r
    • Cena
    • 240.00
    • y
    • Status udostępniania
    • Tylko na miejscu
    • z
    • Sposób nabycia
952 -Egzemplarz [ , ]
    • a
    • Numer inwentarzowy
    • Pc.1271
    • c
    • Sygnatura
    • Pc.40
    • d
    • Lokalizacja
    • BM Biblioteka Międzywydziałowa
    • i
    • Nr tomu wydaw.cg
    • Z. 90 (1988)
    • p
    • Kod kreskowy
    • 2003900012713
    • r
    • Cena
    • 160.00
    • y
    • Status udostępniania
    • Tylko na miejscu
    • z
    • Sposób nabycia
952 -Egzemplarz [ , ]
    • a
    • Numer inwentarzowy
    • Cg.22782
    • c
    • Sygnatura
    • Cg.123 (p.202)
    • e
    • Akcesja
    • 01d188/1
    • d
    • Lokalizacja
    • BG Dział Udostępniania Biblioteka Główna
    • n
    • Powiązanie z serią
    • 7
    • p
    • Kod kreskowy
    • 2003000227826
    • r
    • Cena
    • 5.0
    • v
    • Data wprowadzenia opisu
    • w
    • Data inwentaryzacji
    • 1999-11-30
    • y
    • Status udostępniania
    • Tylko na miejscu
    • z
    • Sposób nabycia
    • dary zwarte
952 -Egzemplarz [ , ]
    • n
    • Powiązanie z serią
    • 8
    • c
    • Sygnatura
    • Cg.123
    • r
    • Cena
    • 5.0
    • e
    • Akcesja
    • 01d188/1
    • f
    • Status książki wypożyczonej
    • Cg
    • i
    • Nr tomu wydaw.cg
    • Z.104
    • a
    • Numer inwentarzowy
    • Cg.29155
    • w
    • Data inwentaryzacji
    • 2001-03-19
    • y
    • Status udostępniania
    • Tylko na miejscu
    • z
    • Sposób nabycia
    • dary zwarte
    • p
    • Kod kreskowy
    • 2003000291551
    • d
    • Lokalizacja
    • BG Dział Udostępniania Biblioteka Główna
    • g
    • Ubytek
    • 12/2018 - 2018-06-08
952 -Egzemplarz [ , ]
    • a
    • Numer inwentarzowy
    • Ac.20
    • c
    • Sygnatura
    • Pc.40/104
    • d
    • Lokalizacja
    • BM Biblioteka Międzywydziałowa
    • i
    • Nr tomu wydaw.cg
    • Z. 104 (1990)
    • p
    • Kod kreskowy
    • 2002700000203
    • r
    • Cena
    • 3900.00
    • y
    • Status udostępniania
    • Tylko na miejscu
    • z
    • Sposób nabycia
952 -Egzemplarz [ , ]
    • a
    • Numer inwentarzowy
    • Pc.7815
    • c
    • Sygnatura
    • Pc.40
    • d
    • Lokalizacja
    • BM Biblioteka Międzywydziałowa
    • i
    • Nr tomu wydaw.cg
    • Z. 5 (1963)
    • p
    • Kod kreskowy
    • 2003900078153
    • r
    • Cena
    • 3.00
    • w
    • Data inwentaryzacji
    • 2024-07-17
    • y
    • Status udostępniania
    • Tylko na miejscu
    • z
    • Sposób nabycia
    • e
    • Akcesja
    • 24ic3/1
952 -Egzemplarz [ , ]
    • a
    • Numer inwentarzowy
    • P.614
    • d
    • Lokalizacja
    • BM Biblioteka Międzywydziałowa
    • g
    • Ubytek
    • 7/2022 - 2022-01-04
    • i
    • Nr tomu wydaw.cg
    • Z. 3 (1960)
    • p
    • Kod kreskowy
    • 2001500006149
    • r
    • Cena
    • 80.00
    • v
    • Data wprowadzenia opisu
    • 2026-02-06
    • y
    • Status udostępniania
    • Niedostępne
    • z
    • Sposób nabycia
952 -Egzemplarz [ , ]
    • a
    • Numer inwentarzowy
    • P.615
    • d
    • Lokalizacja
    • BM Biblioteka Międzywydziałowa
    • g
    • Ubytek
    • 7/2022 - 2022-01-04
    • i
    • Nr tomu wydaw.cg
    • Z. 5 (1963)
    • p
    • Kod kreskowy
    • 2001500006156
    • r
    • Cena
    • 86.00
    • v
    • Data wprowadzenia opisu
    • 2026-02-06
    • y
    • Status udostępniania
    • Niedostępne
    • z
    • Sposób nabycia